000 00484nmm a2200169Ia 4500
008 251105s9999||||xx |||||||||||||||||und||
020 _a9789587387605
041 _aspa
100 _aGuzmán Cervantes, Eugenia
245 0 _aSoltando amarras
264 _a[Bogotá, Colombia] :
_bUniversidad del Rosario,
_c2016
300 _a147 páginas
490 _aTextos de Ciencias Humanas
650 _aMedicine
856 _uhttps://public.digitaliapublishing.com/a/46418
942 _cCF
999 _c95858
_d95858